000 00496nam a2200193 a 4500
001 1770285653509
003 YourLibrary
005 20260205153745.0
008 260205s2009##################000#0#eng##
020 _a9780324787504
082 0 4 _a333.33TAC
100 1 _aJacobus, Charles J.,
_eauthor.
245 1 0 _aReal Estate :
260 _bCengage Learning,
_c2009.
300 _a502 pages
650 0 _aBusiness & Economics.
942 _cENGLISH
040 _aYourLibrary
_beng
_cYourLibrary
999 _c610533
_d610533